000 00770nam a22002177a 4500
999 _c175635
_d175635
005 20200911144957.0
010 _aENG-128416
020 _c575.00
_a9789353944469
035 _aEN-111948
037 _bDBAD/PUB
082 _a530
245 _aPearson IIT Foundation Physics 2020 Class 9/
_cedited by Sonal Jain and Vipin Kumar
250 _a9th edition
260 _aNoida
_bPearson
_c2020
270 _a15th floor,Tower-B,Word Trade Tower,Plot no.1,Block-C sec 16,
_bNoida
_e201301
_k04466540100
_mcompanysecretary.india@pearson.com
300 _axxvi;Various pages.
_c25cm(pbk)
_bIllustrations, Pictorials, Tables and Graphes
500 _aIncludes Mock Test
700 _aJain, Sonal
700 _aKumar, Vipin
942 _2ddc
_cEN
_h530
_mPEA